| 000 | 00474nam a2200169 4500 | ||
|---|---|---|---|
| 001 | VA22643 | ||
| 003 | ES-SlBCS | ||
| 005 | 20210601154327.0 | ||
| 008 | 140520s1963 xxu||||| |||| 00| 0 spa d | ||
| 041 | _aspa | ||
| 100 | 1 |
_aNicolau, Miguel _925899 |
|
| 245 | 1 | 0 |
_aProblemas del Concilio Vaticano II _b:Visión teológica _cMiguel Nicolau |
| 260 |
_aMadrid : _bStudium _c, 1963 |
||
| 300 |
_a254 p.; _c19 cm |
||
| 611 | 2 | 4 |
_aConcilio Vaticano II-Problemas _9368708 |
| 942 | _cBK | ||
| 999 |
_c803202 _d803202 |
||